अनाद्यसूक्त / (Record no. 36386)

MARC details
000 -LEADER
fixed length control field 01143nam a22002657a 4500
005 - DATE AND TIME OF LATEST TRANSACTION
control field 20100529142321.0
008 - FIXED-LENGTH DATA ELEMENTS--GENERAL INFORMATION
fixed length control field 100529t xxu||||| |||| 00| 0 hin d
010 ## - LCCN (DPL NO)
LC control number HIN-89435
020 ## - INTERNATIONAL STANDARD BOOK NUMBER
Terms of availability 150.00
035 ## - SYSTEM CONTROL NUMBER
System control number HN-61781
037 ## - SOURCE OF ACQUISITION
Source of stock number/acquisition DBAD / PUB
040 ## - CATALOGING SOURCE
Original cataloging agency DPL
Language of cataloging HN
082 ## - DEWEY DECIMAL CLASSIFICATION NUMBER
Classification number 821
100 ## - MAIN ENTRY--PERSONAL NAME
Personal name उद्भ्रान्त
9 (RLIN) 17889
245 ## - TITLE STATEMENT
Title अनाद्यसूक्त /
Statement of responsibility, etc उद्भ्रान्त
246 ## - VARYING FORM OF TITLE
Title proper/short title Anadhyasukt/
Remainder of title by Udbhrant
260 ## - PUBLICATION, DISTRIBUTION, ETC. (IMPRINT)
Place of publication, distribution, etc नई दिल्ली
Name of publisher, distributor, etc नेशनल पब्लिशिंग हाउस
Date of publication, distribution, etc 2008
270 ## - ADDRESS
Address 2/35 अंसारी रोड, दरियागंज
City नई दिल्ली
Postal code 110002
300 ## - PHYSICAL DESCRIPTION
Extent xvii,82पृ
Dimensions 22सेमी (सजिल्द)
Other physical details सचित्र
500 ## - GENERAL NOTE
General note Same ISBN 8121402905 Title Bunty
650 ## - SUBJECT ADDED ENTRY--TOPICAL TERM
Topical term or geographic name as entry element हिन्दी कविता
9 (RLIN) 697
650 ## - SUBJECT ADDED ENTRY--TOPICAL TERM
Topical term or geographic name as entry element hindi fiction
9 (RLIN) 17890
942 ## - ADDED ENTRY ELEMENTS (KOHA)
Source of classification or shelving scheme Dewey Decimal Classification
Item type Hindi Books
Call number suffix उद्भ्रान्त
Holdings
Withdrawn status Lost status Source of classification or shelving scheme Damaged status Not for loan Collection code Home library Current library Date acquired Source of acquisition Cost, normal purchase price Total Checkouts Full call number Barcode Date last seen Copy number Cost, replacement price Koha item type
    Dewey Decimal Classification   Not For Loan Non-fiction D.B.Act.Division D.B.Act.Division 29/05/2010 DBAD / PUB 150.00   उद्भ्रान्त HN-61781 29/05/2010 1 150.00 Hindi Books

© Delhi Public Library
Hit Counter
free hit counter